[Event "Rilton Cup 52nd"]
[Site "Stockholm"]
[Date "2024.12.29"]
[Round "3"]
[White "Seiger, Vidar"]
[Black "Amin, Bassem"]
[Result "0-1"]
[WhiteElo "2124"]
[BlackElo "2652"]
[PlyCount "58"]
[EventDate "2024.12.27"]
[EventType "swiss"]
[EventRounds "9"]
[EventCountry "SWE"]
[SourceTitle "CB02_2025"]
[SourceDate "2025.01.08"]
[SourceVersion "1"]
[SourceVersionDate "2025.01.08"]
[SourceQuality "1"]

1. Nf3 Nf6 2. g3 g6 3. Bg2 Bg7 4. 0-0 0-0 5. d4 d6 6. a4 Nc6 7. Nc3 e5 8. e4 Bg4 9. d5 Nd4 10. Qd3 Nd7 11. Nxd4 exd4 12. Nb5 Ne5 13. Qb3 Be2 14. Re1 Bc4 15. Qb4 a5 16. Qd2 c5 17. dxc6 Nxc6 18. b3 Bxb5 19. axb5 Nb4 20. Bb2 Rc8 21. Rec1 Qb6 22. Ba3 d3 23. Bxb4 Bxa1 24. Bxa5 Qxb5 25. Rxa1 Rxc2 26. Qb4 Qxb4 27. Bxb4 d2 28. Rd1 Rc1 29. Bf3 Ra8 0-1

[Event "Rilton Cup 52nd"]
[Site "Stockholm"]
[Date "2024.12.28"]
[Round "2"]
[White "Falkevall, Axel"]
[Black "Amin, Bassem"]
[Result "1-0"]
[WhiteElo "2378"]
[BlackElo "2652"]
[PlyCount "69"]
[EventDate "2024.12.27"]
[EventType "swiss"]
[EventRounds "9"]
[EventCountry "SWE"]
[SourceTitle "CB02_2025"]
[SourceDate "2025.01.08"]
[SourceVersion "1"]
[SourceVersionDate "2025.01.08"]
[SourceQuality "1"]

1. d4 Nf6 2. c4 g6 3. Nc3 Bg7 4. e4 d6 5. h3 0-0 6. Be2 Na6 7. Bg5 e5 8. d5 c6 9. Nf3 h6 10. Be3 Nh5 11. Nh2 Nf4 12. Bf1 f5 13. g3 fxe4 14. gxf4 exf4 15. Bd4 Bxd4 16. Qxd4 c5 17. Qd2 e3 18. Qe2 Bf5 19. 0-0-0 Qg5 20. Nf3 Qe7 21. fxe3 fxe3 22. Qg2 Kh7 23. Be2 Nb4 24. Qg3 b5 25. Rhg1 bxc4 26. Nh4 Qf6 27. Rdf1 Rab8 28. Bxc4 e2 29. Rf4 Rfe8 30. Nxf5 gxf5 31. Re1 Rb7 32. a3 Rg7 33. Qf2 Rge7 34. axb4 cxb4 35. Nxe2 1-0

[Event "Rilton Cup 52nd"]
[Site "Stockholm"]
[Date "2024.12.27"]
[Round "1"]
[White "Amin, Bassem"]
[Black "Romanishin, Oleg M"]
[Result "1-0"]
[WhiteElo "2652"]
[BlackElo "2293"]
[PlyCount "95"]
[EventDate "2024.12.27"]
[EventType "swiss"]
[EventRounds "9"]
[EventCountry "SWE"]
[SourceTitle "CB02_2025"]
[SourceDate "2025.01.08"]
[SourceVersion "1"]
[SourceVersionDate "2025.01.08"]
[SourceQuality "1"]

1. e4 e5 2. Nf3 Nc6 3. d4 exd4 4. Nxd4 Bc5 5. Nb3 Bb6 6. Nc3 Nf6 7. Qe2 0-0 8. Bg5 Nd4 9. Qd2 Nxb3 10. axb3 h6 11. Be3 c6 12. Bxb6 Qxb6 13. 0-0-0 d5 14. exd5 cxd5 15. Qd4 Qa5 16. Kb1 Be6 17. f3 Rfc8 18. g4 Qc5 19. h4 Qxd4 20. Rxd4 g5 21. Rd2 Kg7 22. Nb5 Nd7 23. Nd4 Rh8 24. Bb5 Nf8 25. Bd3 Ng6 26. Bxg6 Kxg6 27. Rdh2 Kg7 28. c3 Bd7 29. Kc2 f6 30. hxg5 fxg5 31. Re2 Rae8 32. Rxe8 Bxe8 33. Ra1 a6 34. Ra5 h5 35. gxh5 Rxh5 36. Rxd5 g4 37. Nf5+ Kf6 38. fxg4 Rg5 39. Ne3 Bg6+ 40. Kd2 Rxd5+ 41. Nxd5+ Ke5 42. Nb6 Bf7 43. b4 Be6 44. g5 Kf5 45. Ke3 Kxg5 46. Kd4 Kf6 47. Nd5+ Kf7 48. Kc5 1-0

[Event "Bundesliga 2425"]
[Site "Germany"]
[Date "2024.11.30"]
[Round "3.5"]
[White "Feuerstack, Aljoscha"]
[Black "Amin, Bassem"]
[Result "0-1"]
[WhiteElo "2466"]
[BlackElo "2636"]
[PlyCount "68"]
[EventDate "2024.09.28"]
[EventType "team-tourn"]
[EventRounds "15"]
[EventCountry "GER"]
[SourceTitle "CB49_2024"]
[SourceDate "2024.12.04"]
[SourceVersion "1"]
[SourceVersionDate "2024.12.04"]
[SourceQuality "1"]
[WhiteTeam "St Pauli"]
[BlackTeam "Viernheim"]
[WhiteTeamCountry "GER"]
[BlackTeamCountry "GER"]

1. e4 e5 2. Nf3 Nc6 3. d4 exd4 4. Nxd4 Bc5 5. Nb3 Bb4+ 6. c3 Be7 7. Bf4 Bf6 8. N1d2 Nge7 9. h4 Ng6 10. Be3 Bxh4 11. Qh5 d6 12. g3 Bf6 13. f4 Nge7 14. 0-0-0 g6 15. Qh2 Bg4 16. Be2 Qc8 17. e5 dxe5 18. Ne4 Bg7 19. fxe5 Bxe2 20. Qxe2 Nxe5 21. Bg5 Qe6 22. Nbc5 Qc6 23. Nd7 0-0-0 24. Nxe5 Bxe5 25. Bxe7 Rde8 26. Bh4 f5 27. Nd2 Bxc3 28. Qf1 Bxd2+ 29. Kxd2 Re5 30. Rc1 Rd5+ 31. Ke2 Re8+ 32. Kf3 Rd3+ 33. Kf4 g5+ 34. Kxf5 Qe6+ 0-1

[Event "HUN-chT 2425"]
[Site "Hungary"]
[Date "2024.11.03"]
[Round "2.3"]
[White "Bokros, Albert"]
[Black "Amin, Bassem"]
[Result "1/2-1/2"]
[WhiteElo "2396"]
[BlackElo "2647"]
[PlyCount "100"]
[EventDate "2024.11.02"]
[EventType "team-tourn"]
[EventRounds "9"]
[EventCountry "HUN"]
[SourceTitle "CB45_2024"]
[Source "ChessBase"]
[SourceDate "2024.11.06"]
[SourceVersion "1"]
[SourceVersionDate "2024.11.06"]
[SourceQuality "1"]
[WhiteTeam "Biatorbagy"]
[BlackTeam "Ajka Sentimento"]
[WhiteTeamCountry "HUN"]
[BlackTeamCountry "HUN"]

1. e4 e5 2. Nf3 Nc6 3. Bb5 a6 4. Ba4 Nf6 5. d3 d6 6. c4 g6 7. Nc3 Bg7 8. 0-0 0-0 9. h3 Nd4 10. Nxd4 exd4 11. Ne2 Nd7 12. Bxd7 Bxd7 13. Bf4 b5 14. b3 h6 15. Qd2 Kh7 16. Rac1 Qe7 17. Bh2 Rfb8 18. Nf4 c6 19. Ne2 Rb7 20. Qb4 c5 21. Qd2 bxc4 22. bxc4 Rab8 23. Nf4 Qg5 24. Qe2 Rb2 25. Rc2 Rb1 26. Nd5 Bxh3 27. f4 Qg4 28. f5 gxf5 29. Bxd6 Qxe2 30. Rxe2 Rxf1+ 31. Kxf1 Rb1+ 32. Kf2 Bg4 33. Rd2 fxe4 34. dxe4 Rc1 35. Nb6 h5 36. Bxc5 Bh6 37. Rd3 Rc2+ 38. Kg3 Rc3 39. Rxc3 dxc3 40. Ba3 c2 41. c5 c1Q 42. Bxc1 Bxc1 43. c6 Bb2 44. Nc4 Bd4 45. e5 Kg6 46. Kf4 f6 47. exf6 Kxf6 48. Ke4 Bg1 49. c7 Ke7 50. Ne5 Bc8 1/2-1/2

[Event "ESP-chT CECLUB Honor"]
[Site "Melilla"]
[Date "2024.10.13"]
[Round "2.8"]
[White "Van Foreest, Jorden"]
[Black "Amin, Bassem"]
[Result "1/2-1/2"]
[WhiteElo "2697"]
[BlackElo "2636"]
[PlyCount "109"]
[EventDate "2024.10.12"]
[EventType "team-tourn"]
[EventRounds "7"]
[EventCountry "ESP"]
[SourceTitle "CB43_2024"]
[Source "Chessbase"]
[SourceDate "2024.10.23"]
[SourceVersion "1"]
[SourceVersionDate "2024.10.23"]
[SourceQuality "1"]
[WhiteTeam "Andreu Paterna"]
[BlackTeam "Costa Calida"]
[WhiteTeamCountry "ESP"]
[BlackTeamCountry "ESP"]

1. d4 Nf6 2. c4 g6 3. Nc3 d5 4. Nf3 Bg7 5. Bg5 Ne4 6. Bf4 0-0 7. e3 c5 8. cxd5 Nxc3 9. bxc3 Qxd5 10. Be2 cxd4 11. cxd4 Qa5+ 12. Qd2 Nc6 13. Qxa5 Nxa5 14. h4 h6 15. Bd3 Be6 16. Kd2 Rac8 17. Rhb1 Rfd8 18. Rb5 b6 19. Rbb1 Nc4+ 20. Ke2 Bf5 21. Bxf5 gxf5 22. h5 f6 23. Rd1 e5 24. Bh2 Kf7 25. Rac1 Ke6 26. Nh4 Bf8 27. f3 Ba3 28. Rc3 Nb2 29. Rdc1 Rxc3 30. Rxc3 exd4 31. exd4 Rxd4 32. Re3+ Kd5 33. Nxf5 Ra4 34. Nxh6 Bc5 35. Rc3 Rh4 36. Ng4 Ke6 37. Rc2 f5 38. Rxb2 fxg4 39. Bb8 gxf3+ 40. Kxf3 Rxh5 41. Bxa7 Bd4 42. Rb4 Bc5 43. Rb2 Bd4 44. Rb3 Rf5+ 45. Ke4 Rf2 46. a3 Rxg2 47. Kxd4 Rg4+ 48. Kc3 Rg3+ 49. Kb4 Rxb3+ 50. Kxb3 Kd7 51. Kb4 Kc7 52. Kb5 Kb7 53. a4 Kxa7 54. a5 bxa5 55. Kxa5 1/2-1/2

[Event "ESP-chT CECLUB Honor"]
[Site "Melilla"]
[Date "2024.10.12"]
[Round "1.14"]
[White "Amin, Bassem"]
[Black "Shevchenko, Kirill"]
[Result "1-0"]
[WhiteElo "2636"]
[BlackElo "2656"]
[PlyCount "71"]
[EventDate "2024.10.12"]
[EventType "team-tourn"]
[EventRounds "7"]
[EventCountry "ESP"]
[SourceTitle "CB43_2024"]
[Source "Chessbase"]
[SourceDate "2024.10.23"]
[SourceVersion "1"]
[SourceVersionDate "2024.10.23"]
[SourceQuality "1"]
[WhiteTeam "Costa Calida"]
[BlackTeam "Silla Integrant"]
[WhiteTeamCountry "ESP"]
[BlackTeamCountry "ESP"]

1. e4 c5 2. Nf3 Nc6 3. Bb5 e6 4. Bxc6 bxc6 5. d3 Qc7 6. 0-0 Ne7 7. Ng5 h6 8. Nh3 d5 9. c4 e5 10. f4 Bxh3 11. gxh3 dxe4 12. dxe4 exf4 13. Bxf4 Qc8 14. Qg4 Ng6 15. Bg3 Qxg4 16. hxg4 Rd8 17. Nc3 Bd6 18. Bxd6 Rxd6 19. Rf5 0-0 20. Raf1 f6 21. Rxc5 Ne5 22. Ra5 Rfd8 23. Rxa7 Rd2 24. Rf2 Nxg4 25. Rxd2 Rxd2 26. h3 Ne5 27. Rb7 Nxc4 28. a4 Kh7 29. Rb4 Nxb2 30. a5 c5 31. Rb7 Nc4 32. a6 Ne5 33. Kf1 Nf3 34. a7 Nh2+ 35. Ke1 Nf3+ 36. Kf1 1-0

[Event "Julius Baer GenCup D3 L"]
[Site "Chess.com INT"]
[Date "2024.09.28"]
[Round "2.2"]
[White "Amin, Bassem"]
[Black "Gelfand, Boris"]
[Result "0-1"]
[WhiteElo "2636"]
[BlackElo "2658"]
[PlyCount "64"]
[EventDate "2024.09.27"]
[EventType "k.o. (rapid)"]
[EventRounds "8"]
[EventCountry "GER"]
[SourceTitle "EXT 2025"]
[Source "ChessBase"]
[SourceDate "2024.10.14"]
[SourceVersion "1"]
[SourceVersionDate "2024.10.14"]
[SourceQuality "1"]

1. e4 c5 2. Nf3 Nc6 3. Bb5 e6 4. Bxc6 bxc6 5. d3 Ne7 6. Nbd2 Qc7 7. h4 e5 8. h5 d6 9. Nc4 Ng8 10. Nh2 Nf6 11. 0-0 Be6 12. b3 d5 13. Ne3 dxe4 14. dxe4 Nxe4 15. Qf3 Nf6 16. Bb2 e4 17. Qe2 Bd6 18. Nhg4 Nxh5 19. Nc4 f5 20. Nxd6+ Qxd6 21. Be5 Qe7 22. Ne3 Qg5 23. f4 exf3 24. Qxf3 0-0 25. Bd6 Rf7 26. Rae1 Rc8 27. Nc4 Bd5 28. Qf2 f4 29. Re5 Qg6 30. Bxc5 Ng3 31. Rfe1 Qh6 32. Re8+ Rf8 0-1

[Event "Julius Baer GenCup D3 L"]
[Site "Chess.com INT"]
[Date "2024.09.28"]
[Round "2.1"]
[White "Gelfand, Boris"]
[Black "Amin, Bassem"]
[Result "1/2-1/2"]
[WhiteElo "2658"]
[BlackElo "2636"]
[PlyCount "96"]
[EventDate "2024.09.27"]
[EventType "k.o. (rapid)"]
[EventRounds "8"]
[EventCountry "GER"]
[SourceTitle "EXT 2025"]
[Source "ChessBase"]
[SourceDate "2024.10.14"]
[SourceVersion "1"]
[SourceVersionDate "2024.10.14"]
[SourceQuality "1"]

1. d4 Nf6 2. c4 g6 3. Nc3 Bg7 4. e4 d6 5. Be2 0-0 6. Nf3 e5 7. 0-0 exd4 8. Nxd4 Re8 9. f3 c6 10. Bg5 Qb6 11. Kh1 Nxe4 12. Nxe4 Qxd4 13. Nxd6 Re6 14. Nxc8 h6 15. Qxd4 Bxd4 16. Rad1 c5 17. Bxh6 Rxe2 18. Rfe1 Rxe1+ 19. Rxe1 Bxb2 20. Nd6 Nc6 21. Nxb7 Bc3 22. Rc1 Bd4 23. Nd6 Nb4 24. Nb5 Nxa2 25. Re1 Bf6 26. Be3 Re8 27. Nc7 Re5 28. Nd5 Bg7 29. Rf1 Nb4 30. Bxc5 Nxd5 31. cxd5 Rxd5 32. Bxa7 Ra5 33. Be3 Ra1 34. Kg1 Rxf1+ 35. Kxf1 f5 36. Ke2 Kf7 37. Kd3 Be5 38. h3 Ke6 39. g4 fxg4 40. hxg4 Kf7 41. Ke4 Bb2 42. Bd4 Bc1 43. Ke5 Bd2 44. f4 Bc1 45. f5 gxf5 46. Kxf5 Bd2 47. Be5 Bc1 48. g5 Bxg5 1/2-1/2

[Event "Julius Baer GenCup D3 W"]
[Site "Chess.com INT"]
[Date "2024.09.27"]
[Round "1.2"]
[White "Amin, Bassem"]
[Black "Navara, David"]
[Result "0-1"]
[WhiteElo "2636"]
[BlackElo "2681"]
[PlyCount "74"]
[EventDate "2024.09.27"]
[EventType "k.o. (rapid)"]
[EventRounds "6"]
[EventCountry "GER"]
[SourceTitle "EXT 2025"]
[Source "ChessBase"]
[SourceDate "2024.10.14"]
[SourceVersion "1"]
[SourceVersionDate "2024.10.14"]
[SourceQuality "1"]

1. Nf3 d5 2. g3 g6 3. Bg2 Bg7 4. d4 Nf6 5. 0-0 0-0 6. c4 c6 7. cxd5 cxd5 8. Ne5 e6 9. Nc3 Nfd7 10. Nxd7 Bxd7 11. e3 Nc6 12. b3 Rc8 13. Bb2 Qa5 14. Qd2 Rfe8 15. Rfc1 h5 16. a3 Qd8 17. b4 Ne7 18. Bh3 h4 19. Ne2 Rxc1+ 20. Rxc1 Nc8 21. Nf4 Nd6 22. Bf1 Bb5 23. Bxb5 Nxb5 24. Nd3 Nd6 25. Ne5 b5 26. Rc6 Nc4 27. Nxc4 dxc4 28. a4 h3 29. e4 Qa8 30. axb5 a6 31. Rxc4 axb5 32. Rc1 Qxe4 33. f4 Ra8 34. Re1 Qd5 35. Re2 Ra2 36. Qd3 Rxb2 37. Rxb2 Bxd4+ 0-1

[Event "Julius Baer GenCup D3 W"]
[Site "Chess.com INT"]
[Date "2024.09.27"]
[Round "1.4"]
[White "Amin, Bassem"]
[Black "Navara, David"]
[Result "0-1"]
[WhiteElo "2636"]
[BlackElo "2681"]
[PlyCount "70"]
[EventDate "2024.09.27"]
[EventType "k.o. (rapid)"]
[EventRounds "6"]
[EventCountry "GER"]
[SourceTitle "EXT 2025"]
[Source "ChessBase"]
[SourceDate "2024.10.14"]
[SourceVersion "1"]
[SourceVersionDate "2024.10.14"]
[SourceQuality "1"]

1. Nf3 c5 2. e4 d6 3. Bb5+ Nd7 4. 0-0 a6 5. Bd3 Ngf6 6. Re1 e6 7. c3 Be7 8. Bc2 b5 9. d4 Bb7 10. e5 Nd5 11. Nbd2 cxd4 12. exd6 Bxd6 13. Ne4 Be7 14. Qxd4 0-0 15. Neg5 N5f6 16. Bf4 Nc5 17. Rad1 h6 18. Nh3 Qxd4 19. Nxd4 Rfd8 20. f3 Nd5 21. Bg3 Na4 22. Bxa4 bxa4 23. a3 Rac8 24. Nf4 Nb6 25. Nd3 Nc4 26. Re2 Bf6 27. Ne5 Bxe5 28. Bxe5 f6 29. Bxf6 gxf6 30. Rxe6 Kf7 31. Rde1 Re8 32. Kf2 Nxb2 33. Rb1 Rxe6 34. Nxe6 Kxe6 35. Rxb2 Bd5 0-1

[Event "Julius Baer GenCup D3 W"]
[Site "Chess.com INT"]
[Date "2024.09.27"]
[Round "1.5"]
[White "Amin, Bassem"]
[Black "Navara, David"]
[Result "1/2-1/2"]
[WhiteElo "2636"]
[BlackElo "2681"]
[PlyCount "110"]
[EventDate "2024.09.27"]
[EventType "k.o. (rapid)"]
[EventRounds "6"]
[EventCountry "GER"]
[SourceTitle "EXT 2025"]
[Source "ChessBase"]
[SourceDate "2024.10.14"]
[SourceVersion "1"]
[SourceVersionDate "2024.10.14"]
[SourceQuality "1"]

1. Nf3 d5 2. g3 g6 3. Bg2 Bg7 4. 0-0 e5 5. d3 Ne7 6. e4 0-0 7. exd5 Nxd5 8. Nc3 Nc6 9. Nxd5 Qxd5 10. Re1 Qd6 11. Nd2 Be6 12. Ne4 Qe7 13. Be3 b6 14. Nc5 Bd7 15. Nxd7 Qxd7 16. c3 Rae8 17. Qa4 Re6 18. Rad1 Rd6 19. f4 Rd8 20. fxe5 Nxe5 21. Qxd7 R6xd7 22. d4 Nc4 23. Bc1 c5 24. d5 h6 25. h4 Kf8 26. b3 Nd6 27. c4 Re7 28. Bf4 Rxe1+ 29. Rxe1 Bd4+ 30. Kf1 b5 31. Bxh6+ Bg7 32. Bg5 f6 33. Be3 bxc4 34. Bxc5 cxb3 35. axb3 Kf7 36. Bxa7 Nf5 37. Kf2 Bf8 38. Be4 Ra8 39. Bxf5 Rxa7 40. Be6+ Kg7 41. Rc1 f5 42. Kf3 Rb7 43. Rc3 Bd6 44. g4 fxg4+ 45. Bxg4 Rb4 46. h5 Rf4+ 47. Ke3 Rxg4 48. Rc6 Bf4+ 49. Kf3 gxh5 50. Rc4 Bd6 51. Rxg4+ hxg4+ 52. Kxg4 Kf6 53. Kf3 Ke5 54. b4 Bxb4 55. d6 Kxd6 1/2-1/2

[Event "Julius Baer GenCup D3 W"]
[Site "Chess.com INT"]
[Date "2024.09.27"]
[Round "1.1"]
[White "Navara, David"]
[Black "Amin, Bassem"]
[Result "0-1"]
[WhiteElo "2681"]
[BlackElo "2636"]
[PlyCount "102"]
[EventDate "2024.09.27"]
[EventType "k.o. (rapid)"]
[EventRounds "6"]
[EventCountry "GER"]
[SourceTitle "EXT 2025"]
[Source "ChessBase"]
[SourceDate "2024.10.14"]
[SourceVersion "1"]
[SourceVersionDate "2024.10.14"]
[SourceQuality "1"]

1. e4 e5 2. Nf3 Nc6 3. Bb5 Nf6 4. d3 Bc5 5. Bg5 h6 6. Bh4 Nd4 7. Nxd4 Bxd4 8. c3 Bb6 9. Nd2 c6 10. Ba4 0-0 11. 0-0 d6 12. Nc4 Be6 13. Bxf6 Qxf6 14. Nxd6 Rad8 15. Nf5 Bxf5 16. exf5 Qxf5 17. Bc2 e4 18. d4 c5 19. Qe2 cxd4 20. Qxe4 Qxe4 21. Bxe4 Rfe8 22. Bxb7 Re2 23. cxd4 Rxd4 24. Rad1 Rxd1 25. Rxd1 Rxf2 26. Kh1 Rxb2 27. Bd5 Kf8 28. g3 g6 29. Bb3 Rf2 30. Rc1 Ke7 31. Rc2 Rf1+ 32. Kg2 Rg1+ 33. Kf3 h5 34. Re2+ Kf6 35. Rc2 Kg7 36. Re2 Rf1+ 37. Kg2 Rg1+ 38. Kf3 g5 39. h3 f5 40. Re6 Rf1+ 41. Kg2 Rf2+ 42. Kh1 g4 43. hxg4 hxg4 44. Bc4 Rd2 45. Re7+ Kf6 46. Re6+ Kg5 47. Bb5 Rxa2 48. Be8 f4 49. Re5+ Kf6 50. gxf4 g3 51. Rg5 Rh2# 0-1

[Event "Julius Baer GenCup D3 W"]
[Site "Chess.com INT"]
[Date "2024.09.27"]
[Round "1.3"]
[White "Navara, David"]
[Black "Amin, Bassem"]
[Result "0-1"]
[WhiteElo "2681"]
[BlackElo "2636"]
[PlyCount "110"]
[EventDate "2024.09.27"]
[EventType "k.o. (rapid)"]
[EventRounds "6"]
[EventCountry "GER"]
[SourceTitle "EXT 2025"]
[Source "ChessBase"]
[SourceDate "2024.10.14"]
[SourceVersion "1"]
[SourceVersionDate "2024.10.14"]
[SourceQuality "1"]

1. d4 Nf6 2. c4 g6 3. Nc3 Bg7 4. e4 d6 5. Nf3 0-0 6. Be2 e5 7. 0-0 Nbd7 8. Be3 Qe7 9. Qc2 c6 10. d5 c5 11. Bg5 h6 12. Bd2 Nh5 13. g3 Ndf6 14. Kh1 Ng4 15. Nh4 Nf4 16. Bd1 Nh3 17. Bc1 Bf6 18. Ng2 Bg5 19. f4 exf4 20. gxf4 Bh4 21. Bxg4 Bxg4 22. Nxh4 Qxh4 23. Qg2 Rae8 24. Bd2 f5 25. Rae1 fxe4 26. Nxe4 Nxf4 27. Bxf4 Rxf4 28. Nf6+ Qxf6 29. Rxe8+ Kf7 30. Ree1 Bf3 31. Rxf3 Rxf3 32. Qe2 h5 33. Qe8+ Kg7 34. Qe7+ Qf7 35. Re6 Rf6 36. Re3 Rf1+ 37. Kg2 Rf2+ 38. Kg1 Rxb2 39. Qxf7+ Kxf7 40. Re6 Rb6 41. Kg2 Ra6 42. Kg3 g5 43. Kf3 Rxa2 44. Rxd6 Rxh2 45. Ke4 Rf2 46. Ke5 h4 47. Rd7+ Kg6 48. Rxb7 h3 49. d6 h2 50. Rb1 g4 51. d7 Rd2 52. Kf4 Rxd7 53. Kxg4 Rd2 54. Kg3 Kf5 55. Re1 a5 0-1

[Event "Julius Baer GenCup P/I m D3"]
[Site "Chess.com INT"]
[Date "2024.09.26"]
[Round "1.1"]
[White "Amin, Bassem"]
[Black "Kilic, Eray"]
[Result "1-0"]
[WhiteElo "2636"]
[BlackElo "2441"]
[PlyCount "57"]
[EventDate "2024.09.26"]
[EventType "k.o. (rapid)"]
[EventRounds "1"]
[EventCountry "GER"]
[SourceTitle "EXT 2025"]
[Source "ChessBase"]
[SourceDate "2024.10.14"]
[SourceVersion "1"]
[SourceVersionDate "2024.10.14"]
[SourceQuality "1"]

1. Nf3 Nf6 2. g3 g6 3. Bg2 Bg7 4. 0-0 0-0 5. c4 d5 6. cxd5 Nxd5 7. d4 Nb6 8. e4 Nc6 9. d5 Na5 10. Qe1 Nac4 11. Nc3 c6 12. b3 Nd6 13. e5 Nb5 14. dxc6 Nxc3 15. Qxc3 Qc7 16. Ba3 bxc6 17. Rac1 Ba6 18. Rfe1 Bb7 19. Qc5 Rfe8 20. e6 f5 21. Nd4 Rac8 22. Nxc6 Bxc6 23. Bxc6 Red8 24. Qxe7 Qxe7 25. Bxe7 Rd2 26. Bg5 Rxa2 27. e7 Bd4 28. Bd5+ Kg7 29. Rxc8 1-0

[Event "Julius Baer GenCup P/I m D3"]
[Site "Chess.com INT"]
[Date "2024.09.26"]
[Round "1.3"]
[White "Amin, Bassem"]
[Black "Kilic, Eray"]
[Result "1-0"]
[WhiteElo "2636"]
[BlackElo "2441"]
[PlyCount "99"]
[EventDate "2024.09.26"]
[EventType "k.o. (rapid)"]
[EventRounds "1"]
[EventCountry "GER"]
[SourceTitle "EXT 2025"]
[Source "ChessBase"]
[SourceDate "2024.10.14"]
[SourceVersion "1"]
[SourceVersionDate "2024.10.14"]
[SourceQuality "1"]

1. Nf3 Nf6 2. g3 d5 3. Bg2 g6 4. 0-0 Bg7 5. d4 0-0 6. c4 dxc4 7. Na3 c3 8. bxc3 c5 9. Re1 Nc6 10. Bb2 cxd4 11. cxd4 Qa5 12. e4 Rd8 13. Nc4 Qh5 14. d5 Bg4 15. Ne3 Nxd5 16. exd5 Bxb2 17. Rb1 Bc3 18. Nxg4 Qxg4 19. Qb3 Bxe1 20. dxc6 Bxf2+ 21. Kxf2 bxc6 22. Qxf7+ Kxf7 23. Ne5+ Ke6 24. Nxg4 Rd2+ 25. Kg1 Kd6 26. a3 Rc8 27. Ne3 Rd4 28. Bf1 c5 29. Nc4+ Kd5 30. Ne3+ Ke5 31. Rb7 e6 32. Nc4+ Kf6 33. Rxa7 Rb8 34. Rxh7 Rb1 35. Ne3 Rd2 36. Rc7 Rc1 37. h4 e5 38. Rc6+ Kf7 39. Nc4 Rdd1 40. Nxe5+ Ke7 41. Nxg6+ Kd7 42. Rf6 c4 43. Ne5+ Ke7 44. Rf4 c3 45. Nc6+ Kd6 46. Nb4 Rb1 47. h5 Ke5 48. h6 Rd6 49. h7 Rd8 50. Nc6+ 1-0

[Event "Julius Baer GenCup P/I m D3"]
[Site "Chess.com INT"]
[Date "2024.09.26"]
[Round "1.2"]
[White "Kilic, Eray"]
[Black "Amin, Bassem"]
[Result "0-1"]
[WhiteElo "2441"]
[BlackElo "2636"]
[PlyCount "68"]
[EventDate "2024.09.26"]
[EventType "k.o. (rapid)"]
[EventRounds "1"]
[EventCountry "GER"]
[SourceTitle "EXT 2025"]
[Source "ChessBase"]
[SourceDate "2024.10.14"]
[SourceVersion "1"]
[SourceVersionDate "2024.10.14"]
[SourceQuality "1"]

1. Nf3 Nf6 2. g3 g6 3. b3 Bg7 4. Bb2 c5 5. c4 d6 6. d4 Ne4 7. Bg2 Qa5+ 8. Nfd2 Nxd2 9. Bc3 Qb6 10. Qxd2 cxd4 11. Ba5 Qc5 12. Bb4 Qe5 13. 0-0 Nc6 14. f4 Qh5 15. Ba3 Bh3 16. Bf3 Bg4 17. Qd3 Bxf3 18. exf3 Qf5 19. Rd1 0-0-0 20. b4 d5 21. c5 Qxd3 22. Rxd3 a6 23. Nd2 e5 24. fxe5 Nxe5 25. Rb3 Nc4 26. Rd1 Rhe8 27. Nf1 Re2 28. Bc1 Rde8 29. b5 axb5 30. Rxb5 Re1 31. Rxe1 Rxe1 32. Bf4 Ne3 33. Kf2 Rxf1+ 34. Ke2 Rc1 0-1

[Event "Julius Baer GenCup Pl/In"]
[Site "Chess.com INT"]
[Date "2024.09.25"]
[Round "6"]
[White "Amin, Bassem"]
[Black "Donchenko, Alexander"]
[Result "0-1"]
[WhiteElo "2636"]
[BlackElo "2638"]
[PlyCount "80"]
[EventDate "2024.09.25"]
[EventType "swiss (rapid)"]
[EventRounds "9"]
[EventCountry "GER"]
[SourceTitle "EXT 2025"]
[Source "ChessBase"]
[SourceDate "2024.10.14"]
[SourceVersion "1"]
[SourceVersionDate "2024.10.14"]
[SourceQuality "1"]

1. e4 c6 2. d3 d5 3. Nd2 e5 4. Ngf3 Bd6 5. g3 Nf6 6. Bg2 0-0 7. 0-0 Re8 8. b3 a5 9. a3 Nbd7 10. Bb2 Qc7 11. Re1 dxe4 12. dxe4 b5 13. Nh4 Bf8 14. a4 Nb6 15. axb5 cxb5 16. Nf5 a4 17. f4 exf4 18. Bxf6 gxf6 19. Qg4+ Kh8 20. Qh4 Bxf5 21. exf5 Rad8 22. Ne4 Nd5 23. bxa4 bxa4 24. Kh1 a3 25. Red1 Qe5 26. c4 Qxf5 27. cxd5 Rxe4 28. g4 f3 29. Bh3 Qe5 30. Bf1 Rxd5 31. Rdc1 Rd8 32. Ra2 Qg5 33. Qxg5 fxg5 34. h3 Re3 35. Kg1 Rb3 36. Bc4 Rc8 37. Kf2 Bc5+ 38. Kg3 Bd6+ 39. Kf2 Rb2+ 40. Rc2 Rxa2 0-1

[Event "Julius Baer GenCup Pl/In"]
[Site "Chess.com INT"]
[Date "2024.09.25"]
[Round "4"]
[White "Amin, Bassem"]
[Black "Meskovs, Nikita"]
[Result "1-0"]
[WhiteElo "2636"]
[BlackElo "2534"]
[PlyCount "79"]
[EventDate "2024.09.25"]
[EventType "swiss (rapid)"]
[EventRounds "9"]
[EventCountry "GER"]
[SourceTitle "EXT 2025"]
[Source "ChessBase"]
[SourceDate "2024.10.14"]
[SourceVersion "1"]
[SourceVersionDate "2024.10.14"]
[SourceQuality "1"]

1. e4 e5 2. Nf3 Nc6 3. Nc3 Nf6 4. d4 exd4 5. Nxd4 Bb4 6. Nxc6 bxc6 7. Bd3 d5 8. exd5 0-0 9. 0-0 cxd5 10. h3 Rb8 11. Qf3 Rb6 12. Bf4 Bd6 13. b3 c5 14. Rad1 Bb7 15. Rfe1 h6 16. Bxd6 Rxd6 17. Nb5 Rb6 18. Qg3 Qd7 19. Nc3 Rd8 20. Na4 Rb4 21. Nxc5 Qc6 22. Nxb7 Qxb7 23. Qe5 Rb6 24. Qd4 Qc7 25. Re3 Re6 26. Rde1 Rde8 27. Bf5 R6e7 28. a4 Qd6 29. Qxa7 Rxe3 30. Rxe3 Rxe3 31. Qxe3 d4 32. Qg3 Qb4 33. Qe5 Kf8 34. a5 Qa3 35. Bd3 Nd7 36. Qxd4 Ke7 37. b4 f6 38. a6 Ne5 39. a7 g5 40. Kh2 1-0

[Event "Julius Baer GenCup Pl/In"]
[Site "Chess.com INT"]
[Date "2024.09.25"]
[Round "8"]
[White "Amin, Bassem"]
[Black "Muradli, Mahammad"]
[Result "1-0"]
[WhiteElo "2636"]
[BlackElo "2576"]
[PlyCount "111"]
[EventDate "2024.09.25"]
[EventType "swiss (rapid)"]
[EventRounds "9"]
[EventCountry "GER"]
[SourceTitle "EXT 2025"]
[Source "ChessBase"]
[SourceDate "2024.10.14"]
[SourceVersion "1"]
[SourceVersionDate "2024.10.14"]
[SourceQuality "1"]

1. Nf3 Nf6 2. g3 d5 3. Bg2 e6 4. 0-0 Be7 5. d3 0-0 6. Nbd2 b6 7. e4 dxe4 8. dxe4 Bb7 9. e5 Nfd7 10. Qe2 a5 11. Rd1 Nc6 12. Ne4 Qc8 13. Bf4 h6 14. h4 Rd8 15. c3 a4 16. Qe3 Ra5 17. b4 axb3 18. axb3 Ndxe5 19. Nxe5 Rxd1+ 20. Rxd1 Nxe5 21. b4 Nc4 22. Qe2 Rd5 23. Nd2 Nxd2 24. Bxd5 Bxd5 25. Rxd2 Ba8 26. f3 Bf6 27. Qe3 Bd5 28. Kf2 b5 29. Be5 Bxe5 30. Qxe5 c6 31. Rd1 Qa8 32. Qe2 Qa3 33. Qd2 e5 34. Re1 f6 35. g4 Qa7+ 36. Kg3 Qc7 37. Ra1 Kf7 38. Qe3 Kg6 39. Ra7 Qb8 40. Qc5 Qd8 41. Rb7 Kh7 42. Qa7 Qf8 43. Re7 f5 44. g5 f4+ 45. Kf2 hxg5 46. hxg5 Qf5 47. Rxg7+ Kh8 48. Re7 Qc2+ 49. Kg1 Qd1+ 50. Kh2 Qe2+ 51. Kh3 Qxf3+ 52. Kh4 Qh1+ 53. Kg4 Qf3+ 54. Kf5 Qh3+ 55. Kf6 Bg8 56. Rxe5 1-0